[Event "221st YMCA Autumn B"]
[Site "Warsaw"]
[Date "2019.12.05"]
[Round "12"]
[White "Dabrowski, Leszek"]
[Black "Sypula, Krzysztof"]
[Result "0-1"]
[WhiteElo "1851"]
[BlackElo "1671"]
[PlyCount "92"]
[EventDate "2019.09.20"]
[EventRounds "1"]
[EventCountry "POL"]
[SourceDate "2019.09.20"]

1. e4 d6 2. d3 g6 3. Nf3 Bg7 4. c3 e5 5. g3 Nf6 6. Bg2 O-O 7. O-O c5 8. a4 Nc6
9. Nbd2 Rb8 10. Re1 Nh5 11. Nc4 Be6 12. Ne3 h6 13. Rb1 b5 14. axb5 Rxb5 15. Nd5
Ne7 16. c4 Rb7 17. Ra1 Nxd5 18. exd5 Bg4 19. h3 Bxf3 20. Bxf3 Nf6 21. Ra6 Qd7
22. Qd2 Rb4 23. Kg2 Rfb8 24. Bd1 Ne8 25. b3 f5 26. Qa2 R8b7 27. f4 R4b6 28.
fxe5 dxe5 29. Be3 Rc7 30. Ra5 Bf8 31. Qa3 Qc8 32. Bc2 Rbb7 33. Bd2 Bd6 34. Bc3
Re7 35. Rb1 f4 36. b4 f3+ 37. Kh2 f2 38. b5 Qf5 39. Qc1 Rf7 40. Qf1 h5 41. h4
Nf6 42. Bd2 Ng4+ 43. Kh1 Qf3+ 44. Qg2 f1=Q+ 45. Rxf1 Qxf1+ 46. Qxf1 Rxf1+ 0-1

[Event "221st YMCA Autumn B"]
[Site "Warsaw"]
[Date "2019.12.04"]
[Round "12"]
[White "Szukalski`, Antoni"]
[Black "Jarmolowski, Tadeusz"]
[Result "1-0"]
[WhiteElo "1727"]
[BlackElo "1667"]
[PlyCount "67"]
[EventDate "2019.09.20"]
[EventRounds "1"]
[EventCountry "POL"]
[SourceDate "2019.09.20"]

1. e4 d5 2. exd5 Qxd5 3. Nf3 Bg4 4. Be2 Nc6 5. Nc3 Qd7 6. h3 Bh5 7. O-O Nf6 8.
d3 O-O-O 9. Bf4 Qf5 10. Bh2 Qc5 11. Na4 Qa5 12. c3 b5 13. Nc5 e6 14. b4 Qa3 15.
Qb3 Qxb3 16. Nxb3 Nd5 17. Rfc1 Be7 18. a4 a6 19. axb5 axb5 20. d4 Nb8 21. Bxb5
Bxf3 22. gxf3 Bd6 23. Nc5 Bxc5 24. bxc5 c6 25. Bc4 Kd7 26. Rcb1 Ke7 27. Rb7+
Nd7 28. Bxd5 exd5 29. Bd6+ Ke6 30. Re1+ Kf5 31. Be7 Rhe8 32. Re3 Rxe7 33. Rxe7
Nf6 34. Rxf7 1-0

[Event "221st YMCA Autumn B"]
[Site "Warsaw"]
[Date "2019.12.06"]
[Round "12"]
[White "Kasperski, Marcin"]
[Black "Sloniewska, Alicja"]
[Result "1-0"]
[WhiteElo "1638"]
[BlackElo "1661"]
[PlyCount "59"]
[EventDate "2019.09.20"]
[EventRounds "1"]
[EventCountry "POL"]
[SourceDate "2019.09.20"]

1. c4 f5 2. g3 Nf6 3. Bg2 g6 4. Nc3 Bg7 5. Nf3 O-O 6. O-O d6 7. d3 e5 8. Qc2
Re8 9. Bg5 c6 10. Rad1 Qc7 11. Bc1 d5 12. cxd5 cxd5 13. Qb3 Qd6 14. Ng5 Rd8 15.
e4 h6 16. Nh3 Na6 17. Nxd5 Nxd5 18. exd5 Nc7 19. d4 exd4 20. Bf4 Qd7 21. Bxc7
Qxc7 22. d6+ Be6 23. dxc7 Bxb3 24. cxd8=Q+ Rxd8 25. axb3 b6 26. Nf4 Kf7 27.
Bd5+ Kf6 28. Bc4 Rd6 29. Rfe1 Bh8 30. Re6+ 1-0

[Event "221st YMCA Autumn B"]
[Site "Warsaw"]
[Date "2019.12.04"]
[Round "12"]
[White "Iwaszkiewicz, Krzysztof"]
[Black "Tarka, Aleksandra"]
[Result "1-0"]
[WhiteElo "1768"]
[BlackElo "1646"]
[PlyCount "107"]
[EventDate "2019.09.20"]
[EventRounds "1"]
[EventCountry "POL"]
[SourceDate "2019.09.20"]

1. d4 f5 2. g3 Nf6 3. Bg2 g6 4. Nf3 Bg7 5. O-O O-O 6. b3 d6 7. Bb2 e6 8. c4 Nc6
9. Nc3 e5 10. dxe5 dxe5 11. Nb5 e4 12. Ne5 Nxe5 13. Bxe5 Qe7 14. Bxc7 Ne8 15.
Bd8 Qc5 16. Rc1 Be6 17. Bg5 a6 18. Be3 Qe7 19. Nc3 Rd8 20. Qc2 Nc7 21. Na4 Bd4
22. Bf4 g5 23. Bd2 Bd7 24. e3 Bg7 25. a3 Qxa3 26. c5 Bxa4 27. bxa4 Qd3 28. Ba5
Qxc2 29. Rxc2 Rd7 30. c6 bxc6 31. Rxc6 Be5 32. Rfc1 Rff7 33. Bf1 Kg7 34. R1c5
Rfe7 35. Rxe5 Rxe5 36. Bc3 Rdd5 37. Bxe5+ Rxe5 38. Rxc7+ Kg6 39. Rc6+ Kh5 40.
Be2+ g4 41. Rxa6 Kg5 42. Ra7 h5 43. a5 Rc5 44. Bf1 Rc1 45. a6 Ra1 46. Ra8 Kg6
47. a7 Kg7 48. Kg2 Ra5 49. Bc4 Kh7 50. Bg8+ Kg7 51. Bd5 Kh7 52. Be6 Ra6 53.
Bxf5+ Kg7 54. Bxe4 1-0

[Event "221st YMCA Autumn B"]
[Site "Warsaw"]
[Date "2019.11.22"]
[Round "12"]
[White "Wilczynski, Adam"]
[Black "Wojnowski, Jan"]
[Result "0-1"]
[WhiteElo "1607"]
[BlackElo "1676"]
[PlyCount "58"]
[EventDate "2019.09.20"]
[EventRounds "1"]
[EventCountry "POL"]
[SourceDate "2019.09.20"]

1. c4 Nf6 2. g3 e6 3. Bg2 Be7 4. Nf3 O-O 5. O-O d5 6. d3 c5 7. cxd5 exd5 8. d4
c4 9. b3 cxb3 10. axb3 Nc6 11. Ba3 h6 12. Bxe7 Qxe7 13. Nc3 Rd8 14. Qb1 Ne4 15.
Na4 Bf5 16. Qb2 Rac8 17. Rfc1 Qf6 18. e3 Nb4 19. Rxc8 Rxc8 20. Rc1 Rxc1+ 21.
Qxc1 Nd3 22. Qc7 Nexf2 23. Nc5 Nh3+ 24. Kf1 Nxc5 25. Qxc5 Qa6+ 26. Ke1 Qa1+ 27.
Ke2 Qb2+ 28. Nd2 Bg4+ 29. Kd3 Nf2# 0-1

[Event "221st YMCA Autumn B"]
[Site "Warsaw"]
[Date "2019.12.05"]
[Round "12"]
[White "Mazurek, Jerzy"]
[Black "Okurowski, Michal"]
[Result "1/2-1/2"]
[WhiteElo "1664"]
[BlackElo "1645"]
[PlyCount "80"]
[EventDate "2019.09.20"]
[EventRounds "1"]
[EventCountry "POL"]
[SourceDate "2019.09.20"]

1. e4 e5 2. Nf3 Nc6 3. Bb5 a6 4. Ba4 Bc5 5. O-O Nf6 6. Nxe5 Nxe4 7. Qe2 Qe7 8.
Qxe4 Nxe5 9. Nc3 Nc6 10. Re1 O-O 11. Nd5 Qxe4 12. Rxe4 Bd6 13. d3 b5 14. Bb3
Bb7 15. Bf4 Na5 16. Bxd6 cxd6 17. Ne7+ Kh8 18. Bd5 Nc6 19. Nf5 g6 20. Nxd6 f5
21. Bxc6 fxe4 22. Bxb7 Rab8 23. Bxe4 Rf6 24. Nb7 Re8 25. g3 b4 26. c4 bxc3 27.
bxc3 Rb6 28. c4 Rb2 29. Nc5 d6 30. Nxa6 Re7 31. c5 Ra7 32. cxd6 Rxa6 33. d7 Rd6
34. a4 Rxd7 35. a5 Ra7 36. Kg2 Rf7 37. a6 Rfxf2+ 38. Kg1 Ra2 39. a7 Rxa1+ 40.
Kxf2 Rxa7 1/2-1/2

[Event "221st YMCA Autumn B"]
[Site "Warsaw"]
[Date "2019.12.10"]
[Round "13"]
[White "Okurowski, Michal"]
[Black "Ossolinski, Ziemowit"]
[Result "0-1"]
[WhiteElo "1645"]
[BlackElo "1768"]
[PlyCount "94"]
[EventDate "2019.09.20"]
[EventRounds "1"]
[EventCountry "POL"]
[SourceDate "2019.09.20"]

1. e4 c5 2. c3 Nf6 3. e5 Nd5 4. Nf3 e6 5. Bc4 Nb6 6. Be2 d5 7. exd6 Bxd6 8. d4
O-O 9. O-O Nc6 10. dxc5 Bxc5 11. Bf4 Nd5 12. Bg3 a5 13. Nbd2 f5 14. Nb3 Be7 15.
c4 Nf6 16. Qxd8 Rxd8 17. Bc7 Rd7 18. Bb6 Ne4 19. Nbd4 Nxd4 20. Bxd4 Rc7 21. Be5
Rc5 22. Rad1 g5 23. Bd4 Rc7 24. Ne5 Bc5 25. Bxc5 Nxc5 26. Rd8+ Kg7 27. Rfd1 Kf6
28. Nf3 g4 29. Nd4 Rd7 30. Nb5 Rxd1+ 31. Bxd1 Ke7 32. Rh8 h5 33. Rh7+ Kf6 34.
Rxh5 Bd7 35. Bxg4 Be8 36. Rh8 fxg4 37. f3 Kg7 38. Rh4 Bxb5 39. Rxg4+ Kf6 40.
cxb5 Rd8 41. h4 Nd3 42. h5 Rd5 43. Rg6+ Kf7 44. Rh6 Rxb5 45. g4 Nf4 46. b3 Kg7
47. a4 Rc5 0-1

[Event "221st YMCA Autumn B"]
[Site "Warsaw"]
[Date "2019.12.12"]
[Round "13"]
[White "Wojnowski, Jan"]
[Black "Mazurek, Jerzy"]
[Result "1-0"]
[WhiteElo "1676"]
[BlackElo "1664"]
[PlyCount "55"]
[EventDate "2019.09.20"]
[EventRounds "1"]
[EventCountry "POL"]
[SourceDate "2019.09.20"]

1. e4 e5 2. Nf3 Nc6 3. Bc4 Nf6 4. Ng5 d5 5. exd5 Na5 6. Bb5+ c6 7. dxc6 bxc6 8.
Qf3 Be7 9. Bxc6+ Nxc6 10. Qxc6+ Bd7 11. Qc4 O-O 12. Nc3 Nh5 13. Nf3 Rc8 14. Qe4
Bd6 15. d3 Nf6 16. Qe2 Rxc3 17. bxc3 e4 18. dxe4 Nxe4 19. O-O Re8 20. Qd3 Bf5
21. Qb5 Bg4 22. Ng5 Re5 23. Qa4 Bd7 24. Qd4 Nxg5 25. Qxd6 f6 26. Bf4 Nf7 27.
Qd4 Rh5 28. Rad1 1-0

[Event "221st YMCA Autumn B"]
[Site "Warsaw"]
[Date "2019.12.12"]
[Round "13"]
[White "Sloniewska, Alicja"]
[Black "Iwaszkiewicz, Krzysztof"]
[Result "1-0"]
[WhiteElo "1661"]
[BlackElo "1768"]
[PlyCount "133"]
[EventDate "2019.09.20"]
[EventRounds "1"]
[EventCountry "POL"]
[SourceDate "2019.09.20"]

1. d4 d5 2. c4 c6 3. cxd5 cxd5 4. Nc3 Nf6 5. Bf4 a6 6. e3 Nc6 7. a3 g6 8. Nf3
Bg7 9. Be2 O-O 10. O-O Nh5 11. Bg3 Nxg3 12. hxg3 f6 13. Rc1 Be6 14. Na4 Bf7 15.
Nc5 Qc7 16. Qa4 Rfc8 17. Rc3 b5 18. Qc2 e5 19. Nb3 exd4 20. Nfxd4 Nxd4 21. Nxd4
Qd7 22. Rc1 Be6 23. Nxe6 Rxc3 24. Qxc3 Qxe6 25. Qb3 f5 26. Bf3 Rd8 27. Rd1 Qc8
28. Rxd5 Rxd5 29. Qxd5+ Kh8 30. Qd2 h6 31. Kh2 Kh7 32. Bd5 Qc7 33. b3 Qc5 34.
a4 bxa4 35. bxa4 a5 36. Bf7 Qe7 37. Bc4 Qc5 38. Bb5 Qc7 39. Qd5 Bc3 40. Qe6 Qg7
41. Kg1 Bb4 42. g4 Qe7 43. gxf5 Qxe6 44. fxe6 Kg7 45. f4 Kf6 46. Bd7 g5 47. Kf2
Bd6 48. Kf3 Bc5 49. g3 h5 50. f5 Be7 51. e4 Ke5 52. Be8 h4 53. gxh4 gxh4 54.
Bb5 Kf6 55. Kf4 Bd6+ 56. Kg4 Bg3 57. Bc6 Ke7 58. Bb7 Kf6 59. Bd5 Be5 60. Kxh4
Bd6 61. Kg4 Be5 62. Kf3 Bd4 63. Ke2 Bc3 64. Kd3 Be1 65. e5+ Ke7 66. f6+ Ke8 67.
Bc6+ 1-0

[Event "221st YMCA Autumn B"]
[Site "Warsaw"]
[Date "2019.12.12"]
[Round "13"]
[White "Jarmolowski, Tadeusz"]
[Black "Kasperski, Marcin"]
[Result "1-0"]
[WhiteElo "1667"]
[BlackElo "1638"]
[PlyCount "83"]
[EventDate "2019.09.20"]
[EventRounds "1"]
[EventCountry "POL"]
[SourceDate "2019.09.20"]

1. e4 d6 2. d4 Nf6 3. Nc3 g6 4. f4 Bg7 5. Be3 Ng4 6. Qd2 O-O 7. Nf3 Nxe3 8.
Qxe3 c6 9. Bc4 b5 10. Bb3 a5 11. a4 b4 12. Ne2 Ba6 13. O-O c5 14. Bd5 Ra7 15.
dxc5 e6 16. Bb3 dxc5 17. Rad1 Rd7 18. c3 c4 19. Rxd7 Qxd7 20. Rd1 Qc7 21. Bc2
b3 22. Bb1 Qc6 23. e5 Qxa4 24. Ng3 Rc8 25. Ne4 Bf8 26. Nf6+ Kg7 27. Nd4 Be7 28.
Qh3 Bxf6 29. exf6+ Kxf6 30. Qxh7 Qe8 31. Qh4+ Kg7 32. Re1 Qd8 33. Qg4 Nc6 34.
Nxe6+ fxe6 35. Qxg6+ Kf8 36. Qh6+ Kf7 37. Qxe6+ Kg7 38. Qg6+ Kf8 39. Qh6+ Kf7
40. Bg6+ Kf6 41. Bh5+ Kf5 42. g4# 1-0

[Event "221st YMCA Autumn B"]
[Site "Warsaw"]
[Date "2019.12.10"]
[Round "13"]
[White "Sypula, Krzysztof"]
[Black "Szukalski`, Antoni"]
[Result "0-1"]
[WhiteElo "1671"]
[BlackElo "1727"]
[PlyCount "147"]
[EventDate "2019.09.20"]
[EventRounds "1"]
[EventCountry "POL"]
[SourceDate "2019.09.20"]

1. c4 Nf6 2. Nf3 g6 3. b3 Bg7 4. Bb2 O-O 5. g3 c5 6. Bg2 Nc6 7. Ne5 Nxe5 8.
Bxe5 d6 9. Bb2 Rb8 10. Nc3 a6 11. Nd5 Nxd5 12. Bxg7 Ne3 13. fxe3 Kxg7 14. Qc2
b5 15. O-O Be6 16. d3 Qd7 17. Bd5 Bxd5 18. cxd5 Rbc8 19. Rac1 h5 20. e4 h4 21.
Qd2 hxg3 22. hxg3 Qh3 23. Qf4 f6 24. Rf2 Rh8 25. Qf3 Rh7 26. Qg2 Rch8 27. Qxh3
Rxh3 28. Kg2 g5 29. Kf3 R8h4 30. Rg2 Rh8 31. Kg4 Rh1 32. Rcg1 a5 33. Kf3 a4 34.
Ke3 b4 35. Kd2 axb3 36. axb3 Rxg1 37. Rxg1 Ra8 38. Rb1 Ra2+ 39. Ke3 Rc2 40. Kf3
g4+ 41. Kxg4 Rxe2 42. Kf3 Rc2 43. Ke3 Kg6 44. Kf4 Rd2 45. Ke3 Rg2 46. Kf3 Rh2
47. Kf4 Rc2 48. Ke3 Rg2 49. Kf3 Ra2 50. Kf4 Kf7 51. d4 cxd4 52. Rd1 Rb2 53.
Rxd4 Rxb3 54. Rc4 Rb1 55. Rc8 b3 56. Rb8 b2 57. Kg4 Re1 58. Rxb2 Rxe4+ 59. Kf3
Re5 60. Rd2 Kg6 61. Rd4 f5 62. g4 fxg4+ 63. Kxg4 Rf5 64. Re4 Rf7 65. Re6+ Kg7
66. Kg5 Kf8 67. Re1 Rf6 68. Re2 Rf1 69. Ra2 Kf7 70. Ra3 Rg1+ 71. Kf5 Re1 72.
Ra5 Re5+ 73. Kf4 Kf6 74. Rb5 0-1

[Event "221st YMCA Autumn B"]
[Site "Warsaw"]
[Date "2019.12.12"]
[Round "13"]
[White "Gierech, Pawel"]
[Black "Dabrowski, Leszek"]
[Result "1-0"]
[WhiteElo "1652"]
[BlackElo "1851"]
[PlyCount "61"]
[EventDate "2019.09.20"]
[EventRounds "1"]
[EventCountry "POL"]
[SourceDate "2019.09.20"]

1. e4 c6 2. Nc3 d5 3. Nf3 dxe4 4. Nxe4 Nd7 5. Qe2 e6 6. d4 Ngf6 7. Bd2 Nxe4 8.
Qxe4 Nf6 9. Qh4 Be7 10. O-O-O Qd5 11. c4 Qf5 12. Qf4 Qg6 13. Ne5 Qe4 14. f3
Qxf4 15. Bxf4 O-O 16. g4 Nd7 17. Nxd7 Bxd7 18. c5 Rfd8 19. g5 Be8 20. h4 Rd7
21. Bc4 Bd8 22. h5 Bc7 23. Bxc7 Rxc7 24. Rhe1 Rd7 25. Kc2 Rad8 26. Kc3 g6 27.
Re4 Kg7 28. Rh4 e5 29. hxg6 hxg6 30. Rdh1 exd4+ 31. Kd3 1-0